| 000 | 01467cam a22003131i 4500 | ||
|---|---|---|---|
| 003 | SA-RiAUC | ||
| 005 | 20250915045211.0 | ||
| 008 | 250913s1989 sy g 001k0dara c | ||
| 040 |
_aSA-RiAUC _bara _cSA-RiAUC _erda |
||
| 043 | _ama----- | ||
| 082 | 0 | 4 | _a953.03 |
| 090 |
_a953.03 _bا ب و م |
||
| 100 | 1 |
_aأبو محمد الأزدي، عبد الغني بن سعيد بن بشر، _d332-409 هجري _eمؤلف. |
|
| 245 | 1 | 0 |
_aكتاب المتوارين الذين اختفو خوفا من الحجاج بن يوسف / _cعبد الغني بن سعيد الأزدي ؛ ضبط نصه وعلق عليه مشهور حسن محمود سلمان. |
| 246 | 3 | 0 | _aالمتوارين الذين اختفو خوفا من الحجاج بن يوسف |
| 250 | _aالطبعة الأولى. | ||
| 264 | 1 |
_aدمشق : _bدار القلم، _c1989. |
|
| 300 |
_a92 صفحة ؛ _c24 سم |
||
| 336 |
_aنص _btxt _2rdacontent _3كتاب |
||
| 337 |
_aبدون وسيط _bn _2rdamedia |
||
| 338 |
_aمجلد _bnc _2rdacarrier |
||
| 500 | _aكشاف : صفحة 81-85. | ||
| 590 | _aخلفان. | ||
| 600 | 1 | 7 |
_aالحجاج الثقفي، الحجاج بن يوسف بن الحكم، _d40-95 هجري _2aucnm |
| 651 | 7 |
_aالبلاد الإسلامية _xتاريخ _yالعصر الأموي، 661-750 _2aucsh |
|
| 700 | 1 |
_aآل سليمان، مشهور بن حسن، _d1380 هجري- _eمعلق. |
|
| 942 |
_2ddc _cBOOK _n0 |
||
| 949 |
_aSA-JeALM _d250913 _umohamedma123 _n1 |
||
| 999 |
_c11721 _d11721 |
||